000 00551nam a2200193 i 4500
001 149191
003 ES-MaACL
005 20250815115931.0
007 t|
008 071019s1971 sp a |||| | spa d
100 1 _aVelasco, José Luis
_9113728
245 1 0 _aDibujando la figura humana /
_cJosé Luis Velasco.
250 _a1ª ed.
260 _aBarcelona :
_bCeac,
_c1971.
300 _a216 p. :
_bil. ;
_c24 cm.
650 7 _aDibujo del cuerpo humano
_2embne
_911867
852 _aES-MaACL
_jC-43310
999 _c149191
_d149191